La Chartreuse de Pavie /

Guardado en:
Detalles Bibliográficos
Autor principal: Salmi, Mario (autor)
Formato: Libro
Idioma:Francés
Publicado: Milán, Italia : Fratelli Treves, fecha no identificada
Etiquetas: Agrega una etiqueta
Sin etiquetas, Sé el primero en etiquetar este registro!

MARC

LEADER 00000nam^a2200000^a^4500
001 000432185
005 20250526000000.0
009 20260310123008.295
037 |a Acervo ITESO - Biblioteca 
041 |a FRA 
091 |a FHM. 05902 
100 |a Salmi, Mario  |e (autor) 
245 1 3 |a La Chartreuse de Pavie / 
264 1 |a Milán, Italia :  |b Fratelli Treves,  |c fecha no identificada 
300 |a XIX, [55] p., 50 láminas ;  |c 17.0 cm. 
336 |a texto  |b txt  |2 rdacontenido 
337 |a sin mediación  |b n  |2 rdamedio 
338 |a volumen  |b nc  |2 rdasoporte 
649 |a XX 
910 |a Fondo Hugo B. Margáin 
920 |a Impresos - Libros 
930 |a Libros Antiguos y Raros 
905 |a 126 
901 |a 0500305932  |b IT2  |c LRA  |i D108902  |u 20250526 
902 |a https://opac.biblio.iteso.mx/vufind/Record/000432185